| 000 | 00642nam a2200205 4500 | ||
|---|---|---|---|
| 003 | OSt | ||
| 005 | 20230830075905.0 | ||
| 008 | 708 R549v | ||
| 040 | _cLado V | ||
| 082 |
_a708 _bR696s |
||
| 100 |
_9980 _aRodrÃguez, Susana _eautor |
||
| 245 | _aSusana RodrÃguez/ | ||
| 260 |
_aNew York _bLeonora Vega Gallery _c1997 |
||
| 300 |
_a15p. _c19x26cm |
||
| 650 |
_2Tesauro de Arte & Arquitectura _aARTE _9702 |
||
| 650 |
_2Tesauro de Arte & Arquitectura _aCOLLAGE _9702 |
||
| 650 |
_2Tesauro de Arte & Arquitectura _aFIGURAS HUMANAS |
||
| 650 |
_2Tesauro de Arte & Arquitectura _aEXHIBICION |
||
| 942 |
_2ddc _c1 _h708 _iR696s _n0 |
||
| 999 |
_c4225 _d4225 |
||